00775nam a2200181 a 4500008004100000050002200041110008300063245005900146260005900205300000900264350000900273650001800282650001200300710004700312995009300359999001700452952012400469100125s1999 ||||||||||||||||| || u aGOV.ZAM(02)1999/5 aGovernment of the Republic of Zambia. Ministry of Communications and Transport10aZambia road safety study: final report and action plan aLusakabMinistry of Communications and Transportc1999 a26p. a0.00 aROADS--ZAMBIA aREPORTS aGovernment of the Republic of Zambia (GRZ) D0.00FCBU-MAIN LIBRARY (Kitwe)H1I0.00M1UAVAILABLEWJan 25, 2010ZZambiana Collection c62402d62402 00102lcc4070a001b001cZambiana Collectiond2022-11-30l0oGOV.ZAM(02)1999/5p03005454r2022-11-30w2022-11-30y002